Optimization theory and the design of feedback control systems /

Guardado en:
Autor Principal: Merriam, C. W. 1931-
Formato: Libro
Idioma:English
Publicado: New York : McGraw-Hill, c1964.
Series:McGraw-Hill electronic sciences series
Materias:
Etiquetas: Agregar Etiqueta
Sin Etiquetas, Sea el primero en etiquetar este registro!
LEADER 00664cam a22001815a 4500
001 MAT.inmabb004116
008 800124s1964####nyua##########001#0#eng##
005 20170612150449.0
245 1 0 |a Optimization theory and the design of feedback control systems /  |c C. W. Merriam III. 
260 |a New York :  |b McGraw-Hill,  |c c1964. 
300 |a xv, 391 p. :  |b il. ;  |c 24 cm. 
440 0 |a McGraw-Hill electronic sciences series 
100 1 |a Merriam, C. W.  |q (Charles Wolcott),  |d 1931- 
650 0 |a Mathematical optimization. 
650 0 |a Feedback control systems  |x Mathematical models. 
010 |a  63019315  
040 |a DLC  |c DLC  |d ICU  |d DLC 
859 |h 49  |i M568  |p A-4997  |b BIB. MATEMATICA